Minecraft - Monstres - Statistiques

Statistiques générales
  • Ce quiz a été pris 336 fois
  • Le résultat moyen est 11 sur 22
Statistiques - réponses
Hint Réponse % Correct
Z Zombie
98%
C Creeper
91%
S Squelette
90%
E Enderman
78%
A Araignée
77%
ED EnderDragon
77%
W Wither
76%
WS Wither-Squelette
70%
G Ghast
56%
B Blaze
52%
CZ Cochon-Zombie
48%
S Sorcière
43%
S Slime
40%
E Endermite
36%
G Gardien
31%
PDA Poisson-D'Argent
30%
AV Araignée-Venimeuse
27%
CDM Cube-De-Magma
26%
S Shulker
17%
EG - (Par contre il est en anglais celui la) ElderGuardian
11%
LE Loup-Enragé
3%
OPE Ours-Polaire-Enragé
3%
Aucun quiz correspondant
Distribution des résultats
% des personnes avec chaque résultat
Percentile par nombre de réponses
Votre historique - résultats
Vous n’avez pas pris ce quiz